| 000 | 00924nam a22003137a 4500 | ||
|---|---|---|---|
| 001 | 0074 | ||
| 003 | DO-SdBPM | ||
| 005 | 20251030132028.0 | ||
| 007 | ta | ||
| 008 | 151113b1981 sp || |||| 00| 0 spa d | ||
| 020 | _a8423904997 | ||
| 040 |
_aDO-SdBPM _bspa _cBPMSU _erda |
||
| 082 | 4 |
_a864.5 _bU54a 1981 _222 |
|
| 100 | 1 |
_aUnamuno, Miguel de, _d1864-1936 |
|
| 245 | 1 | 0 |
_aAlmas de jóvenes / _cMiguel de Unamuno |
| 250 | _a5a ed. | ||
| 264 |
_aEspaña : _bEspasa-Calpe, _c1981. |
||
| 300 |
_a153 p.ágians ; _c18 cm. |
||
| 336 |
_atexto _btxt _2rdacontent |
||
| 337 |
_asin mediación _bnc _2rdamedia |
||
| 338 |
_avolumen _bnc _2rdacarrier |
||
| 490 | 0 |
_aAstral, _v499 |
|
| 500 | _aIncluye referencias bibliográficas y notas al pie de las páginas | ||
| 590 | _aInventariado, 2025/VM | ||
| 650 | 7 | _aEnsayos españoles | |
| 830 | 0 | 0 |
_aAstral _n499 |
| 910 | _aVMateo V. Control de calidad. BPMSU | ||
| 942 |
_2ddc _cBK |
||
| 999 |
_c8699 _d8699 |
||